| 000 | 00531nam a2200193Ia 4500 | ||
|---|---|---|---|
| 003 | GCL | ||
| 008 | 140319s9999 xx 000 0 ara d | ||
| 040 |
_aGCL / _cGCL |
||
| 082 | 0 | 4 |
_aط _b507 _bد ا |
| 100 | 1 | _aدار الشروق | |
| 245 | 1 | 0 |
_aالالات كيف تعمل / _cدار الشروق |
| 300 | _a47 ص | ||
| 490 |
_aالهيئة العامة للاستعلامات _v0 |
||
| 650 | 0 | 4 | _aالتعليم |
| 650 | 0 | 4 | _aالاطفال |
| 650 | 0 | 4 | _aقصص الاطفال |
| 650 | 0 | 4 | _aالالات |
| 942 |
_2ddc _cBK |
||
| 999 |
_c51484 _d51484 |
||